| 000 | 03303nam a22004457a 4500 | ||
|---|---|---|---|
| 003 | dpl | ||
| 005 | 2008090303483.0 | ||
| 007 | DVD | ||
| 008 | 050907s2005 cau105 g 00| 0 eng d | ||
| 010 | _aDVD-000233-235 & DVD-005347-5351 | ||
| 024 |
_aA4240 _c399.00 |
||
| 035 | _aDVD-000233-235 | ||
| 040 |
_aDPL _cDPL |
||
| 092 | _aDVD / FANT | ||
| 245 |
_aFantastic 4 _h[described videorecording] / _c20th Century Fox ; Marvel Enterprises ; _bA Legend Begins |
||
| 246 | _aFantastic four. | ||
| 260 |
_aBeverly Hills, CA : _b20th Century Fox Home Entertainment; _a[Boston, MA] : _bExcel Productions Audio Visual Pvt. Ltd _cc2005. |
||
| 300 |
_a[1 videodisc DVD] _bsd., col. ; _c4-3/4 in. |
||
| 500 | _aMarvel, Fantastic Four and related characters | ||
| 500 | _a"The Fantastic Four Started It all" | ||
| 500 | _aDistributor in India Excel Production Audiovisuals Pvt. Ltd. Mumbai | ||
| 500 | _aDiscover the Origin with the 1994-95 Animated Television Series | ||
| 520 | _aAfter exposure to cosmic radiation, four astronauts become the most remarkable, if not most dysfunctional, superheroes of all time. Reed Richards is the leader of the group and gains the ability to stretch all parts of his body, he takes the name Mr. Fant | ||
| 521 | _aMPAA rating: PG-13; for sequences of intense action, and some suggestive content. | ||
| 538 | _aStereo 2.0, , English, Thai,Mandarin Subtitles in English,Chinese, Thai, Korean | ||
| 546 | _aClosed-captioned for the hearing impaired. | ||
| 655 | _aDescribed verbally for the visually impaired. | ||
| 710 | _aTwentieth Century Fox Home Entertainment, Inc. | ||
| 710 | _aDVS Home Video (Firm) | ||
| 942 |
_cCF _2ddc _hDVD _mFANT |
||
| 999 |
_c15299 _d15299 |
||